The Elements of Commerce (Record no. 4532)

MARC details
005 - DATE AND TIME OF LATEST TRANSACTION
control field 20250620130323.0
020 ## - INTERNATIONAL STANDARD BOOK NUMBER
International Standard Book Number 0304293288
082 ## - DEWEY DECIMAL CLASSIFICATION NUMBER
Classification number 380.1 HAR
100 ## - MAIN ENTRY--PERSONAL NAME
Author name HARVEY,H.
245 ## - TITLE STATEMENT
Title The Elements of Commerce
250 ## - EDITION STATEMENT
Edition statement 2nd Ed.
260 ## - PUBLICATION, DISTRIBUTION, ETC.
Place of publication, distribution, etc. London.
Name of publisher, distributor, etc. Cassell LTD
Date of publication, distribution, etc. 1970.
300 ## - PHYSICAL DESCRIPTION
Extent Viii,146p. tables
Other physical details Index
Dimensions 21cm
700 ## - ADDED ENTRY--PERSONAL NAME
Other authors/Editors OLIPHAT, L. & CARRAD, H.L
942 ## - ADDED ENTRY ELEMENTS (KOHA)
Source of classification or shelving scheme Dewey Decimal Classification
Koha item type Books
Holdings
Date last seen Total checkouts Full call number Barcode Cost, replacement price Price effective from Koha item type Lost status Source of classification or shelving scheme Damaged status Not for loan Withdrawn status Home library Current library Shelving location Date acquired Cost, normal purchase price
06/20/2025   380.1 HAR DOM0003647 20400.00 06/20/2025 Books   Dewey Decimal Classification       CBE Dodoma CBE Dodoma General Collection 03/31/2025 6800.00
06/28/2025   380.1HAR DOM0002258 20400.00 06/28/2025 Books   Dewey Decimal Classification       CBE Dodoma CBE Dodoma General Collection 03/31/2025 6800.00